| 000 | 00535nam 22001813 4500 | ||
|---|---|---|---|
| 001 | 200235 | ||
| 090 | _a200235 | ||
| 100 | _a20260128d u||y0pory50 ba | ||
| 200 |
_aCaderno de Ecologia _fcoordenação Norma Maria Cleffi...[et al.] |
||
| 205 | _a1ª | ||
| 210 |
_aSão Paulo _cEditora Mosaico, CECISP _dcop. 1980 |
||
| 215 |
_a[6] , 121 p. _cbrochado _d21 cm |
||
| 606 |
_9916 _aEcologia geral e biodiversidade |
||
| 675 |
_a574 _vPT _zpor |
||
| 701 |
_916069 _aCleffi _bNorma Maria |
||
| 801 |
_aPT _bBMMN _gRPC |
||
| 830 | _cVanda | ||
| 990 | _cLIVROS | ||